| 000 | 00793nas a2200265Ia 4500 | ||
|---|---|---|---|
| 001 | A08/R096-41638 | ||
| 003 | IT-MiCISF | ||
| 008 | 161014c99999999xx |||||||||||| ||und|| | ||
| 040 |
_aIT-MiCISF _cIT-MiCISF |
||
| 041 | _aITALIANO | ||
| 100 | _aPasini Giuseppe | ||
| 210 | _aIl regno. Documenti | ||
| 222 | _aIl regno. Documenti | ||
| 245 | 0 | _aL'identità del volontariato | |
| 250 | _a1a ed. | ||
| 260 | _c2005 | ||
| 501 |
_bCISF - Centro Internazionale Studi Famiglia - Via Giotto, 36 20145 MILANO (non commercial uses only) _cCopyright 2016 |
||
| 300 | _app. 451-456 | ||
| 362 | _an. 15, 1 settembre [2005] | ||
| 500 | _a Tema: volontariato, società, solidarietà | ||
| 650 |
_avolontariato _varticolo |
||
| 700 | _aAA.VV. | ||
| 942 | _cCR | ||
| 957 | _71 | ||
| 999 |
_a41638 _bSi _g1 _c229696 _d229696 |
||